| 000 | 00370nam a22001337a 4500 | ||
|---|---|---|---|
| 082 |
_a338.951 _bXIA |
||
| 100 | _aXi'an Jiaotong University | ||
| 245 | _aXi'an Jiaotong University/ | ||
| 260 |
_aChina: _bXi'an Jiaotong University Shaanxi; _c2021. |
||
| 300 | _a64p. | ||
| 563 | _aPB | ||
| 650 |
_aChinese University _aChinese research _9118528 |
||
| 942 |
_2ddc _cBK |
||
| 999 |
_c606751 _d606751 |
||